Capitals of North America with Map - Statistics

General Stats
  • This quiz has been taken 176 times
  • The average score is 17 of 23
Answers on the Map
Answers color-coded by a green-red scale on the quiz's map according to % correct below.
 
Answer Stats
Continent Capital % Correct
North America Washington, D.C.
100%
North America Mexico City
99%
North America Ottawa
99%
North America Havana
87%
North America Panama City
86%
North America Kingston
85%
North America Kingstown
85%
North America Guatemala City
82%
North America Port-au-Prince
76%
North America San Salvador
76%
North America San José
75%
North America Nassau
72%
North America Santo Domingo
70%
North America Port of Spain
68%
North America Belmopan
66%
North America Managua
66%
North America Bridgetown
65%
North America Tegucigalpa
62%
North America Saint George's
59%
North America Saint John's
59%
North America Castries
58%
North America Basseterre
57%
North America Roseau
57%
No matching quizzes found
Score Distribution
Percent of People with Each Score
Percentile by Number Answered
Your Score History
You have not taken this quiz